00643nam a2200181Ia 450000500170000000800410001704100100005808200110006810000330007924500840011225000080019626000340020450000080023865000180024694200070026495201710027199900190044220240823033749.0240823s9999||||xx |||||||||||||| ||und|| aURUDU A103 M8 aBureau for Promotion of Urdu 0a"Glossary of Technical Terms (English-urdu)(philosophy, Psychology& Education)" a1st c1988bBureau for Promotion of aYES aUrdubGeneral cBK 00104070aNICHELIBbNICHELIBcUrudud2013-08-20eNational Council for Promotion of Urdu Language Delhig30.00l0o103 M8p48199r2024-08-23 03:37:49w2024-08-23yBK c196596d196596